000
00298nam a2200145Ia 4500
100
_a
Howard.
942
_c
BK
654
_a
Foundry Practice
245
_a
Modern Foundry Practice
260
_b
Odhams Press
_a
London
082
_a
671.2
_b
HOW
300
_a
384
546
_a
ENGLISH
999
_c
23285
_d
23285